| 000 | 00911nam a2200217 a 4500 | ||
|---|---|---|---|
| 003 | PILC | ||
| 005 | 20241121155840.0 | ||
| 008 | 070501s1957 xx 00 eng d | ||
| 010 | _aAcc#19379 | ||
| 040 | _cPhilippine Baptist Theological Seminary | ||
| 050 |
_aBV 3770 _bJ271 1957 |
||
| 100 | 1 | 0 | _aEbizawa, Norimichi, ed. |
| 245 | 1 | 0 |
_aJapanese witnesses for Christ / _cedited by Norimichi Ebizawa. |
| 260 | 0 |
_aLondon, England : _bLutterworth Press, _cc1957. |
|
| 300 | _a90 p. ; 18 cm. | ||
| 440 | 0 | _aWorld Christian Books No.20 | |
| 505 | _aJoseph Neeshima: Founder of the First Christian University--Bishop Yoichi Honda: Founder of the Japan Methodist Church--Masahisa Uemura: A Great Church Leader in Japan--Kanzo Uchimura: Leader of the non-church Group--Gumpei Yamamuro: An Officer of the Salvation Army | ||
| 650 |
_aEVANGELISTIC WORK _xJAPAN |
||
| 650 |
_aWITNESS BEARING _xJAPAN |
||
| 942 |
_cCB _2lcc |
||
| 999 |
_c7422 _d7422 |
||